| 000 | 00755nam a22002177a 4500 | ||
|---|---|---|---|
| 003 | OSt | ||
| 005 | 20231206135847.0 | ||
| 008 | 231204b |||||||| |||| 00| 0 eng d | ||
| 020 | _a9789390790210 | ||
| 040 | _cSTCPL | ||
| 041 | _aMAL | ||
| 082 |
_aM30 9 _bSRE-B |
||
| 100 |
_aNair, N. Sreevrinda _qഎൻ ശ്രീവൃന്ദ നായർ |
||
| 245 |
_aBhashayile navachinthakal : _bAanukalika novel padanangaliloode / _cby N. Sreevrinda Nair _hഭാഷയിലെ നവചിന്തകൾ : സമകാലിക നോവൽ പഠനങ്ങളിലൂടെ / |
||
| 260 |
_aKozhikode : _bPavanatma publishers Pvt.Ltd. , _c2021 . |
||
| 300 |
_a159 p. _bPB |
||
| 650 | _aMalayalam | ||
| 942 | _cBK | ||
| 942 | _2ddc | ||
| 942 |
_2ddc _n0 |
||
| 999 |
_c81065 _d81065 |
||